Zuo ren yao xiang ka fei dou = Are you a carrot, and egg, or a coffee bean ?

Bibliographic Details
Main Author: Huang Tong
Format: Book
Published: s.l. : Human Natural Publishing , 2013
Subjects:

MARC

LEADER 00000cam a2200000 7i4500
001 0000188043
005 20251002115750.0
020 |a 9789863013013 
090 0 0 |a FMC   |b HUA 
100 0 |a Huang Tong 
245 1 0 |a Zuo ren yao xiang ka fei dou = Are you a carrot, and egg, or a coffee bean ?   |c Huang Tong 
260 |a s.l. :   |b Human Natural Publishing ,   |c 2013 
300 |a 253p. ;   |c 21cm. 
650 0 0 |a Chinese fiction 
650 0 0 |a Chinese language 
999 |a 00299199   |b BUKU   |c FICTION MANDARIN COLLECTION   |e PERPUSTAKAAN KOMUNITI PETALING JAYA